| 000 | 00362nam a2200133Ia 4500 | ||
|---|---|---|---|
| 008 | 230917s9999||||xx |||||||||||||| ||und|| | ||
| 040 |
_e159356 _aMAIN |
||
| 041 | _aEnglish | ||
| 082 | _a352.054558 K166H | ||
| 100 | _aKaur, Jagdeep | ||
| 245 | 0 | _aHaryana mein nagrik evam prashashan: Jila star par unke sambandhon ka adhayayan | |
| 300 | _a126 p. | ||
| 942 | _cTH | ||
| 999 |
_c50703 _d50703 |
||